000 00896nam a2200217Ia 4500
999 _c38120
_d38120
001 4108
003 GE_BSU
005 20190920152211.0
008 181216s1980||||ge |||||||||||||| ||geo||
040 _cGE_BSU
041 _ageo
080 _a398(479.22)+821.353.1.09 ფ–78
245 _aქართული ფოლკლორი :
_bფოლკლორი და ლიტერატურა. ტ. 10 /
_cრედ. მ. ჩიქოვანი.
264 _aთბ.:
_bმეცნიერება,
_c1980.
300 _a174. გვ. ;
_b21 სმ.
504 _aბიბლიოგრ. ტექსტის შენიშვნებში.
653 _aქართული ფოლკლორი
653 _aქართული ლიტერატურა
700 _a ჩიქოვანი, მ.
_eრედაქტორი
_94192
942 _cBK
_2udc